শামসুর রাহমানের কবিতায় পুরাণ ও ইতিহাস প্রসঙ্গ / (Record no. 28843)
[ view plain ]
| 000 -LEADER | |
|---|---|
| fixed length control field | 02029ntm a2200301 a 4500 |
| 001 - CONTROL NUMBER | |
| control field | 28843 |
| 003 - CONTROL NUMBER IDENTIFIER | |
| rucl marc code | BD-RjUL |
| 005 - DATE AND TIME OF LATEST TRANSACTION | |
| control field | 20211209051334.0 |
| 008 - FIXED-LENGTH DATA ELEMENTS--GENERAL INFORMATION | |
| fixed length control field | 140401s2012 b ||||| mb|| 00| 0db d |
| 035 ## - SYSTEM CONTROL NUMBER | |
| System control number | (BD-RjUL)28927 |
| 040 ## - CATALOGING SOURCE | |
| Original cataloging agency | BD-RjUL |
| Language of cataloging | ben |
| Transcribing agency | BD-RjUL |
| Modifying agency | BD-RjUL |
| 041 ## - LANGUAGE CODE | |
| Language code of text/sound track or separate title | ben |
| 082 ## - DEWEY DECIMAL CLASSIFICATION NUMBER | |
| Edition number | 21 |
| Classification number | 891.441092 |
| Author mark and year | MAS 2012 |
| 100 ## - MAIN ENTRY--PERSONAL NAME | |
| Personal name | মজুমদার, শুকদেব চন্দ্র |
| 9 (RLIN) | 88204 |
| 245 ## - TITLE STATEMENT | |
| Title | শামসুর রাহমানের কবিতায় পুরাণ ও ইতিহাস প্রসঙ্গ / |
| Statement of responsibility, etc. | শুকদেব চন্দ্র মজুমদার ; |
| Linkage | তত্ত্বাবধায়ক: স্বরোচিষ সরকার |
| 260 ## - PUBLICATION, DISTRIBUTION, ETC. (IMPRINT) | |
| Place of publication, distribution, etc. | রাজশাহী : |
| Name of publisher, distributor, etc. | ইনস্টিটিউট অব বাংলাদেশ স্টাডিজ, রাজশাহী বিশ্ববিদ্যালয়, |
| Date of publication, distribution, etc. | ২০১২. |
| 300 ## - PHYSICAL DESCRIPTION | |
| Pagination | ক-ট, ৪৮৫ পাতা ; |
| Size | ২৮ সেমি, |
| 502 ## - DISSERTATION NOTE | |
| Dissertation note | থিসিস (পিএইচ. ডি.)-- ইনস্টিটিউট অব বাংলাদেশ স্টাডিজ, রাজশাহী বিশ্ববিদ্যালয়,২০১২. |
| 504 ## - BIBLIOGRAPHY, ETC. NOTE | |
| Bibliography, etc | গ্রন্থপঞ্জি : পাতা ৪৭৩ - ৪৮৫ |
| 600 ## - SUBJECT ADDED ENTRY--PERSONAL NAME | |
| Personal name | রাহমান, শামসুর, |
| Dates associated with a name | -- ১৯২৯-২০০৬ |
| General subdivision | জীবনী |
| Geographic subdivision | বাংলাদেশ |
| Personal name | Rahman, Shamsur, |
| Dates associated with a name | --1929-2006 |
| General subdivision | Biography |
| Geographic subdivision | Bangladesh |
| Personal name | রাহমান, শামসুর, |
| Dates associated with a name | -- ১৯২৯-২০০৬ |
| General subdivision | ব্যাখা ও সমালোচনা |
| Personal name | Rahman, Shamsur, |
| Dates associated with a name | --1929-2006 |
| General subdivision | Interpretation and Criticism |
| 650 ## - SUBJECT ADDED ENTRY--TOPICAL TERM | |
| Topical term or geographic name as entry element | বাংলা কবিতা |
| General subdivision | ইতিহাস ও সমালোচনা |
| 9 (RLIN) | 88209 |
| Topical term or geographic name as entry element | Bengali Poetry |
| General subdivision | History and Criticism |
| 9 (RLIN) | 242046 |
| 700 ## - ADDED ENTRY--PERSONAL NAME | |
| Personal name | সরকার, স্বরোচিষ, তত্ত্বাবধায়ক |
| 942 ## - ADDED ENTRY ELEMENTS (KOHA) | |
| Source of classification or shelving scheme | Dewey Decimal Classification |
| Koha item type | Theses |
| Lost status | Source of classification or shelving scheme | Damaged status | Not for loan | Collection code | Permanent Location | Current Location | Shelving location | Date acquired | Source of acquisition | Cost, normal purchase price | Total Checkouts | Full call number | Date last seen | Copy number | Koha item type |
|---|---|---|---|---|---|---|---|---|---|---|---|---|---|---|---|
| Dewey Decimal Classification | Not For Loan | Theses | Central Library, University of Rajshahi | Central Library, University of Rajshahi | Documentation Section | 26/10/2013 | Controller of Examination Office, University of Rajshahi, Rajshahi. | 0.00 | BTHE 891.441092 MAS 2012 | 01/04/2014 | C-1 | Theses |